书目信息 |
| 题名: |
苏联哲学百科全书
|
|
| 作者: | 康斯坦丁诺夫 主编 ;上海译文出版社 译 | |
| 分册: | 第一卷 | |
| 出版信息: | 上海 译者 1984 |
|
| 页数: | 572页 | |
| 开本: | 26cm | |
| 丛书名: | ||
| 单 册: | ||
| 中图分类: | B512.6 | |
| 科图分类: | ||
| 主题词: | 哲学--苏联 | |
| 电子资源: | ||
| ISBN: | ||
| 000 | 00746nam0 2200241 45 | |
| 001 | 0184010288 | |
| 005 | 20041229094850.2 | |
| 010 | @b精装@dCNY6.70 | |
| 091 | @a2188.9 | |
| 100 | @a19950605d1984 kemy0chiy0121 ea | |
| 101 | 1 | @achi@crus |
| 102 | @aCN@b310000 | |
| 105 | @ay f 000yy | |
| 200 | 10 | @a苏联哲学百科全书@Asu lian zhe xue bai ke quan shu@h第一卷@f(苏)康斯坦丁诺夫主编@F(Su)Kang Si Tan Ding Nuo Fu Zhu Bian@g上海译文出版社译 |
| 210 | @a上海@c译者@d1984 | |
| 215 | @a572页@d26cm | |
| 606 | 0 | @a哲学@x苏联 |
| 690 | @aB512.6@v3 | |
| 701 | 0 | @a康斯坦丁诺夫@4主编 |
| 712 | 02 | @a上海译文出版社@Ashang hai yi wen chu ban she@4译 |
| 801 | 0 | @aCN@b上海图书馆@c20041229 |
| 801 | 2 | @aCN@bNLC@c20041229 |
| 905 | @f1@b123322@dB512.6@e3:1 | |
| 苏联哲学百科全书.第一卷/(苏)康斯坦丁诺夫主编/上海译文出版社译.-上海:译者,1984 |
| 572页;26cm |
| ISBN (精装):CNY6.70 |
| ● |
| 相关链接 |
|
|
|
|
正题名:苏联哲学百科全书
索取号:B512.6/3:1
 
预约/预借
| 序号 | 登录号 | 条形码 | 馆藏地/架位号 | 状态 | 备注 |
| 1 | 0123322 | 001970353 | 第一借阅区/ [索取号:B512.6/3:1] | 在馆 | |
| 2 | 0123323 | 002041276 | 第一样本阅览室/ [索取号:B512.6/3:1] | 在馆 |